Conan, Il Detective Più Famoso - Giorgio Vanni - Testo Completo - Statistics

Statistiche generali
  • Questo quiz è stato fatto 63 volte
  • Il punteggio medio è 156 su 238
Statistiche sulle risposte
Risposta % Corretto
con
100%
Conan
98%
(Conan
98%
Conan)
98%
Detective
98%
detective
98%
a
95%
la
83%
che
73%
è
71%
E
71%
e
71%
il
71%
ma
71%
oh)
71%
oh
71%
(Oh-oh
71%
oh-oh
71%
Per
68%
sa
68%
c'è
66%
gli
66%
Se
66%
un
66%
in
63%
verità,
63%
fa,
59%
lo
59%
Nessuno
59%
scoprirà
59%
più
56%
famoso
54%
non
54%
lui
51%
amore
49%
dolce
49%
Ha
49%
sguardo
49%
celebrità
46%
dallo
46%
Goro
46%
pensieroso
46%
cede
44%
eccezionale
44%
geniale,
44%
intuito
44%
Investigando
44%
sappiamo
44%
serietà
44%
solo
44%
troverà
44%
le
41%
Però
41%
sfuggirà
39%
soluzione
39%
alcuna
37%
colpevole
37%
esitazione
37%
senza
37%
svelerà
37%
Perché
34%
come
29%
procederà
27%
indizio
24%
indagando
20%
prove
17%
arriverà
10%
fondo
10%
Nessun quiz corrispondente trovato
Distribuzione punteggi
Percentuale di utenti per punteggio
Percentile per numero di risposta
I tuoi punteggi nel tempo
Non hai fatto questo quiz